Oxidačná degradácia chlórovaných polutantov s využitím systému kovový hliník-kyselina

Gespeichert in:
Bibliographische Detailangaben
1. Verfasser: Hrdlička, Lukáš
Format: Software Buch
Sprache:Slowakisch
Veröffentlicht: Bratislava STU FCHPT 2012
Online-Zugang:Im OPAC anzeigen
Tags: Tag hinzufügen
Keine Tags, Fügen Sie das erste Tag hinzu!

MARC

LEADER 00000nam a2200000 a 4500
005 20260127134025.0
007 co ugu
008 121002 2012 xo 000 0 slo d
035 |a vtls010455173 
039 9 |y 201210021152  |z mschk03 
040 |a STUSCHK1  |b slo  |c STUSCHK1  |e AACR2 
100 1 |a Hrdlička, Lukáš 
245 1 |a Oxidačná degradácia chlórovaných polutantov s využitím systému kovový hliník-kyselina  |c Lukáš Hrdlička 
260 |a Bratislava  |b STU FCHPT  |c 2012 
300 |a 1 elektronický disk 
500 |a Obháj.: 9.7. 2012 
500 |a Študijný program: chémia a medicínska chémia 
500 |a Kombinácia študijných odborov: 4.1.14 chémia, 5.2.18 chemické technológie 
500 |a Miesto vypracovania: Oddelenie environmentálneho inžinierstva, FCHPT STU 
500 |a Evidenčné číslo: FCHPT-5427-68520 
500 |a Bakalárska práca na CD-ROMe 
910 |a SCHK95 
999 |c 2299  |d 2299